[Event "Speed Chess Super Swiss KO"]
[Site "Chess.com INT"]
[Date "2020.10.04"]
[Round "1.1"]
[White "Rameshbabu Praggnanandhaa"]
[Black "Martinez Alcantara, Jose Eduardo"]
[Result "1-0"]
[EventDate "?"]
[WhiteElo "2608"]
[BlackElo "2620"]
[Source "chessbites.com; date by Chess Assistant 21"]
[PlyCount "142"]

1. d4 Nf6 2. Bf4 e6 3. e3 b6 4. Qf3 Nc6 5. Nc3 Bb7 6. O-O-O Bb4 7. Nge2 O-O 8. a3 Na5 9. e4 Be7 10. d5 Re8 11. Nd4 c5 12. Ndb5 exd5 13. Nxd5 Bxd5 14. exd5 d6 15. g4 a6 16. Nc3 Nd7 17. Ne4 Qc7 18. g5 Bf8 19. Bh3 Nc4 20. Rhe1 Nde5 21. Qg3 Ng6 22. Bf5 b5 23. b3 Nxf4 24. Qxf4 Ne5 25. Rg1 Ng6 26. Qg4 c4 27. Kb2 a5 28. h4 b4 29. a4 cxb3 30. cxb3 Rxe4 31. Qxe4 Qc3+ 32. Ka2 Ne5 33. Bxh7+ Kh8 34. f4 Nf3 35. Rg3 Nd2 36. Rxc3 Nxe4 37. Bxe4 bxc3 38. h5 Re8 39. Bd3 Re3 40. b4 axb4 41. Kb3 Rf3 42. a5 Rf2 43. Kxb4 Ra2 44. a6 g6 45. Kxc3 Bg7+ 46. Kb3 Ra5 47. h6 Bd4 48. Kc4 Bc5 49. Kc3 Kh7 50. Bc4 Ra3+ 51. Kc2 Ra4 52. Kd3 Ra3+ 53. Ke2 Re3+ 54. Kd2 Re4 55. Kc3 Rxf4 56. Rb1 Rf3+ 57. Bd3 Rg3 58. Rb5 Bf2 59. Rb8 Rxg5 60. Rb7 Kxh6 61. Rxf7 Be3 62. Be4 Rg4 63. Kd3 Bc5 64. a7 Rg3+ 65. Kc4 Bxa7 66. Rxa7 Re3 67. Kd4 Re1 68. Rd7 Rd1+ 69. Ke3 g5 70. Rxd6+ Kh5 71. Bf3+ 1-0

[Event "Speed Chess Super Swiss KO"]
[Site "Chess.com INT"]
[Date "2020.10.04"]
[Round "1.5"]
[White "Rameshbabu Praggnanandhaa"]
[Black "Martinez Alcantara, Jose Eduardo"]
[Result "1-0"]
[EventDate "?"]
[WhiteElo "2608"]
[BlackElo "2620"]
[Source "chessbites.com; date by Chess Assistant 21"]
[PlyCount "74"]

1. d4 Nf6 2. Bf4 e6 3. e3 Be7 4. Nf3 b6 5. Nbd2 Bb7 6. h3 O-O 7. Bd3 c5 8. O-O cxd4 9. exd4 d6 10. a4 a6 11. c3 Nbd7 12. Re1 h6 13. Qe2 Re8 14. Nc4 Qc7 15. Bh2 Bf8 16. Ne3 Qc6 17. Qf1 Qc7 18. Qe2 Qc6 19. Bc2 Qc8 20. Rad1 b5 21. axb5 axb5 22. Bd3 b4 23. cxb4 Bxf3 24. Qxf3 d5 25. b5 Ra2 26. Rc1 Qa8 27. Qe2 e5 28. dxe5 Nxe5 29. Bb1 Ra4 30. Qd1 d4 31. Nf5 Nc4 32. Rxe8 Nxe8 33. b3 Nb2 34. Qc2 Ra5 35. Ne7+ Bxe7 36. Qh7+ Kf8 37. Qh8# 1-0

[Event "Speed Chess Super Swiss KO"]
[Site "Chess.com INT"]
[Date "2020.10.04"]
[Round "1.6"]
[White "Martinez Alcantara, Jose Eduardo"]
[Black "Rameshbabu Praggnanandhaa"]
[Result "1-0"]
[EventDate "?"]
[WhiteElo "2620"]
[BlackElo "2608"]
[Source "chessbites.com; date by Chess Assistant 21"]
[PlyCount "190"]

1. e4 c5 2. Nf3 Nc6 3. Nc3 d6 4. Bb5 Nf6 5. O-O Bd7 6. Re1 e6 7. Bxc6 Bxc6 8. d4 cxd4 9. Nxd4 Be7 10. Qd3 O-O 11. Bf4 Bd7 12. Nb3 e5 13. Bg5 Be6 14. Bxf6 Bxf6 15. Nd5 Bg5 16. Rad1 Rc8 17. c3 h5 18. Nd2 Rc5 19. Nb3 Rc8 20. Nd2 Rc5 21. Ne3 Bxe3 22. Qxe3 Qf6 23. Nb3 Bxb3 24. axb3 a5 25. Rd2 Rfc8 26. Red1 R8c6 27. h3 g6 28. Rd5 Kg7 29. R1d3 Qe6 30. c4 Qf6 31. Qe2 b6 32. Rf3 Qe7 33. Qd2 Rxd5 34. Qxd5 Rc5 35. Qd3 Qd7 36. Qe2 b5 37. Rc3 a4 38. bxa4 bxa4 39. Kh2 Qb7 40. f3 Qb4 41. Rc2 Qb3 42. h4 Qb4 43. Qd3 Rc6 44. Qd5 Rb6 45. c5 dxc5 46. Qxe5+ Kh7 47. Rxc5 Qxb2 48. Qf4 Qg7 49. Rc7 Rf6 50. Qe5 Re6 51. Qf4 Rf6 52. Qg5 a3 53. Ra7 Re6 54. Rxa3 Qf6 55. Qxf6 Rxf6 56. Ra5 Kg7 57. Rg5 Re6 58. Kh3 Rb6 59. Rd5 Rb3 60. Kg3 Kf6 61. Kf4 Rb2 62. g3 Rb3 63. Rc5 Rb4 64. Rc6+ Kg7 65. Rc3 Rb6 66. Ke5 Rb5+ 67. Kd4 Rb4+ 68. Kd5 Rb7 69. e5 Rb5+ 70. Kd4 Rb4+ 71. Kd5 Rb5+ 72. Ke4 Rb4+ 73. Ke3 Rb5 74. Kf4 Rb4+ 75. Ke3 Rb5 76. f4 Rb7 77. Ke4 Rd7 78. Rc6 Ra7 79. Rc3 Rd7 80. f5 gxf5+ 81. Kxf5 Rd4 82. Rc7 Rd3 83. e6 Rxg3 84. Rxf7+ Kg8 85. Kf6 Ra3 86. Rg7+ Kh8 87. Rg5 Rf3+ 88. Ke7 Kh7 89. Kd7 Rd3+ 90. Ke8 Rd4 91. e7 Rxh4 92. Kd7 Rd4+ 93. Ke6 Re4+ 94. Re5 Rxe5+ 95. Kxe5 1-0

[Event "Speed Chess Super Swiss KO"]
[Site "Chess.com INT"]
[Date "2020.10.04"]
[Round "1.3"]
[White "Rameshbabu Praggnanandhaa"]
[Black "Martinez Alcantara, Jose Eduardo"]
[Result "0-1"]
[EventDate "?"]
[WhiteElo "2608"]
[BlackElo "2620"]
[Source "chessbites.com; date by Chess Assistant 21"]
[PlyCount "84"]

1. d4 Nf6 2. Bf4 e6 3. e3 b6 4. Qf3 Nc6 5. Nc3 Bb7 6. O-O-O Bb4 7. Nge2 d5 8. g4 a6 9. h4 Nd7 10. g5 Bd6 11. Qg3 Qe7 12. h5 O-O-O 13. Bh3 Kb8 14. Kb1 Ka7 15. Rhe1 f5 16. f3 Na5 17. Nc1 Rhf8 18. Nd3 Nc4 19. Bxd6 cxd6 20. e4 dxe4 21. fxe4 fxe4 22. Nxe4 e5 23. b3 Na3+ 24. Kb2 Nb5 25. Bxd7 Rxd7 26. dxe5 Bxe4 27. Rxe4 dxe5 28. Qxe5 Qa3+ 29. Kb1 Rc8 30. c4 Rcc7 31. Qb2 Qxb2+ 32. Kxb2 Nd6 33. Rd4 Nf5 34. Rxd7 Rxd7 35. Kc3 Ng3 36. Re1 Nxh5 37. Re6 Rxd3+ 38. Kxd3 Nf4+ 39. Ke4 Nxe6 40. Kf5 Nxg5 41. Kxg5 b5 42. c5 b4 0-1

[Event "Speed Chess Super Swiss KO"]
[Site "Chess.com INT"]
[Date "2020.10.04"]
[Round "1.7"]
[White "Rameshbabu Praggnanandhaa"]
[Black "Martinez Alcantara, Jose Eduardo"]
[Result "0-1"]
[EventDate "?"]
[WhiteElo "2608"]
[BlackElo "2620"]
[Source "chessbites.com; date by Chess Assistant 21"]
[PlyCount "86"]

1. d4 Nf6 2. Bf4 e6 3. e3 b6 4. Qf3 d5 5. Nc3 a6 6. O-O-O Bb7 7. g4 Bd6 8. h4 Qe7 9. Nge2 Nc6 10. g5 Nd7 11. Qg3 O-O-O 12. Bh3 Kb8 13. Kb1 Ka7 14. Rhe1 f5 15. f3 Rhf8 16. Nc1 Na5 17. Nd3 Nc4 18. Bxd6 Nxd6 19. Bg2 c5 20. Ne5 Nxe5 21. dxe5 Nc4 22. f4 b5 23. Ne2 Qc7 24. Nc1 Nb6 25. Bf1 Rd7 26. Qf2 Rc8 27. c3 Rdd8 28. Nb3 Na4 29. Rd2 Qb6 30. Rc1 a5 31. Ka1 Bc6 32. Rcd1 Be8 33. Be2 Rb8 34. h5 c4 35. Nd4 b4 36. cxb4 Qxb4 37. Bf1 Rb6 38. Rc2 Rdb8 39. Rb1 Nc5 40. g6 hxg6 41. hxg6 Qa4 42. Rc3 Rb3 43. Qd2 R8b4 0-1

[Event "Speed Chess Super Swiss KO"]
[Site "Chess.com INT"]
[Date "2020.10.04"]
[Round "1.9"]
[White "Rameshbabu Praggnanandhaa"]
[Black "Martinez Alcantara, Jose Eduardo"]
[Result "0-1"]
[EventDate "?"]
[WhiteElo "2608"]
[BlackElo "2620"]
[Source "chessbites.com; date by Chess Assistant 21"]
[PlyCount "114"]

1. e4 e5 2. Nf3 Nc6 3. Bb5 a6 4. Ba4 Nf6 5. O-O Nxe4 6. d4 Be7 7. Re1 b5 8. Rxe4 d5 9. Nxe5 Nxe5 10. Rxe5 bxa4 11. Qe2 Be6 12. f4 Kf8 13. Nc3 Bf6 14. f5 Bxe5 15. Qxe5 Bc8 16. Bf4 f6 17. Qe2 Bxf5 18. Qh5 Qd7 19. Re1 c6 20. Nxa4 Bg6 21. Qf3 Re8 22. Rxe8+ Qxe8 23. h4 Qe1+ 24. Kh2 Qxh4+ 25. Kg1 Qe1+ 26. Kh2 Kf7 27. Nc5 Re8 28. Nb7 Qh4+ 29. Qh3 Qxf4+ 30. Qg3 Qxg3+ 31. Kxg3 Re2 32. c4 dxc4 33. Nd6+ Kf8 34. Nxc4 Rc2 35. Na5 Rxb2 36. Nxc6 Rxa2 37. d5 Rd2 38. Nb4 a5 39. Nc6 Rxd5 40. Kf4 a4 41. Nb4 Rb5 42. Na2 a3 43. g4 Ra5 44. Kg3 Bf7 45. Nc3 a2 46. Nxa2 Bxa2 47. Kh4 Bf7 48. Kh3 g5 49. Kg3 Ke7 50. Kf3 Kd6 51. Ke4 Be6 52. Kf3 Ke5 53. Kg3 f5 54. Kf2 fxg4 55. Kg3 h5 56. Kg2 Ra2+ 57. Kg3 h4# 0-1

[Event "Speed Chess Super Swiss"]
[Site "Chess.com INT"]
[Date "2020.10.03"]
[Round "1"]
[White "Eldiyar Orozbaev"]
[Black "Rameshbabu Praggnanandhaa"]
[Result "0-1"]
[EventDate "?"]
[WhiteElo "1973"]
[BlackElo "2608"]
[Source "chessbites.com; date by Chess Assistant 21"]
[PlyCount "116"]

1. e4 c5 2. c3 Nf6 3. e5 Nd5 4. d4 cxd4 5. cxd4 d6 6. Nf3 e6 7. Nc3 Nxc3 8. bxc3 Qc7 9. Bd2 Bd7 10. Bd3 Bc6 11. Qe2 Nd7 12. O-O Bxf3 13. Qxf3 dxe5 14. Rfe1 Be7 15. dxe5 O-O 16. Qg3 g6 17. Bh6 Rfd8 18. Rad1 Nc5 19. Bc2 Rxd1 20. Rxd1 Rd8 21. Qe3 Rxd1+ 22. Bxd1 b6 23. h3 Nd7 24. Bf4 Bc5 25. Qd2 Nxe5 26. Bh6 Bf8 27. Bf4 Bg7 28. Bb3 Qe7 29. Kh2 Nd7 30. Bg3 Be5 31. f4 Bg7 32. Bc2 h5 33. Qf2 Nf6 34. c4 Nd7 35. Bd3 Nc5 36. Bc2 Bf6 37. Qe3 Kg7 38. Be1 Qd6 39. Bg3 h4 40. Be1 Nb7 41. Be4 Na5 42. Bd3 Nb7 43. Be4 Nc5 44. Bc2 g5 45. g3 gxf4 46. gxf4 Kf8 47. Kg2 Ke7 48. f5 Nd7 49. fxe6 fxe6 50. a3 Qc6+ 51. Be4 Qxc4 52. Bb4+ Nc5 53. Bd3 Qd5+ 54. Kh2 Be5+ 55. Kg1 Bd4 56. Bxc5+ bxc5 57. Qxd4 Qxd4+ 58. Kg2 0-1

[Event "Speed Chess Super Swiss"]
[Site "Chess.com INT"]
[Date "2020.10.03"]
[Round "2"]
[White "Rameshbabu Praggnanandhaa"]
[Black "Valeriy Grinev"]
[Result "1-0"]
[EventDate "?"]
[WhiteElo "2608"]
[BlackElo "2441"]
[Source "chessbites.com; date by Chess Assistant 21"]
[PlyCount "106"]

1. e4 c5 2. Nf3 e6 3. g3 Nc6 4. Bg2 Nf6 5. d3 d5 6. Qe2 Be7 7. O-O O-O 8. e5 Nd7 9. c4 b5 10. cxb5 Na5 11. Qc2 a6 12. a4 Bb7 13. Na3 Qb6 14. Bd2 Rfc8 15. Rfc1 axb5 16. axb5 Nf8 17. Qd1 Ng6 18. h4 Bf8 19. h5 Ne7 20. h6 g6 21. Nh2 Nf5 22. Ng4 Be7 23. Ra2 Nd4 24. Be3 Nab3 25. Rc3 Na5 26. Ra1 Nxb5 27. Nxb5 Qxb5 28. Rca3 Nc6 29. Qc1 Nd4 30. Bxd4 Rxa3 31. bxa3 cxd4 32. Qf4 Qxd3 33. Nf6+ Kh8 34. Nxd5 Bxd5 35. Bxd5 Qf5 36. Bb7 Rc7 37. Qe4 d3 38. a4 d2 39. Rd1 Rc1 40. Qe2 Bg5 41. Bf3 Bxh6 42. a5 Rxd1+ 43. Qxd1 Qxe5 44. a6 Qa5 45. Bb7 Qa3 46. Kg2 Kg7 47. Qe2 Bg5 48. Bf3 Qa1 49. Qd3 Bf6 50. Qb5 Bc3 51. Qb7 Qa5 52. a7 Qa1 53. a8=Q 1-0

[Event "Speed Chess Super Swiss"]
[Site "Chess.com INT"]
[Date "2020.10.03"]
[Round "3"]
[White "Silvio Eduardo Oliveira"]
[Black "Rameshbabu Praggnanandhaa"]
[Result "0-1"]
[EventDate "?"]
[WhiteElo "2304"]
[BlackElo "2608"]
[Source "chessbites.com; date by Chess Assistant 21"]
[PlyCount "52"]

1. e4 c5 2. Nf3 e6 3. d4 cxd4 4. Nxd4 a6 5. Bd3 Bc5 6. Nb3 Be7 7. Qg4 g6 8. Qe2 d6 9. Nc3 Nd7 10. Be3 b6 11. O-O-O Bb7 12. g4 Ngf6 13. g5 Nh5 14. f4 O-O 15. Rhg1 Re8 16. h4 Bf8 17. e5 dxe5 18. fxe5 Qc7 19. Bd4 Bg7 20. Rde1 Rad8 21. Bxa6 Bxa6 22. Qxa6 Bxe5 23. Bxe5 Nxe5 24. Nb5 Qc4 25. a4 Nd3+ 26. Kb1 Nb4 0-1

[Event "Speed Chess Super Swiss"]
[Site "Chess.com INT"]
[Date "2020.10.03"]
[Round "5"]
[White "Rameshbabu Praggnanandhaa"]
[Black "Marco Riehle"]
[Result "1-0"]
[EventDate "?"]
[WhiteElo "2608"]
[BlackElo "2347"]
[Source "chessbites.com; date by Chess Assistant 21"]
[PlyCount "66"]

1. Nf3 c5 2. e4 Nc6 3. Bb5 g6 4. O-O Bg7 5. Re1 Nf6 6. c3 O-O 7. d4 cxd4 8. cxd4 d5 9. e5 Ne4 10. Nc3 Nxc3 11. bxc3 a6 12. Bd3 Bg4 13. h3 Bxf3 14. Qxf3 Rc8 15. h4 e6 16. h5 Ne7 17. Bd2 Nf5 18. g4 Nh4 19. Qg3 f5 20. g5 Rxc3 21. Bxc3 Qxg5 22. Qxg5 Nf3+ 23. Kg2 Nxg5 24. f3 Nf7 25. a4 Rc8 26. Bd2 Bf8 27. Rab1 Nd8 28. Rec1 Rb8 29. Rc7 Ra8 30. Bg5 Nc6 31. Rbxb7 Nxd4 32. Rxh7 gxh5 33. Bf6 1-0

[Event "Speed Chess Super Swiss"]
[Site "Chess.com INT"]
[Date "2020.10.03"]
[Round "6"]
[White "Nodar Lortkipanidze"]
[Black "Rameshbabu Praggnanandhaa"]
[Result "0-1"]
[EventDate "?"]
[WhiteElo "2416"]
[BlackElo "2608"]
[Source "chessbites.com; date by Chess Assistant 21"]
[PlyCount "80"]

1. e4 c5 2. c3 Nf6 3. e5 Nd5 4. d4 cxd4 5. cxd4 d6 6. Nf3 e6 7. a3 Bd7 8. Bd3 Bc6 9. O-O Nd7 10. b4 a6 11. Nbd2 Nf4 12. Bb1 Bb5 13. Re1 Nd3 14. Re3 Nxc1 15. Qxc1 Bc6 16. Ne4 Rc8 17. Qe1 dxe5 18. dxe5 Be7 19. Bd3 h6 20. Rd1 Qc7 21. Nd6+ Bxd6 22. exd6 Qxd6 23. Bxa6 Qf4 24. Rd4 Qf6 25. Rd6 O-O 26. Bxb7 Bxb7 27. Rxd7 Bd5 28. Ne5 Qg5 29. f3 Rc2 30. Ng4 Rfc8 31. h4 Qf5 32. Kh2 Bxf3 33. Nxh6+ gxh6 34. Qg3+ Bg4 35. Re5 Qg6 36. h5 Qg7 37. Rd4 Bf5 38. Qxg7+ Kxg7 39. b5 Rb2 40. b6 Rxb6 0-1

[Event "Speed Chess Super Swiss"]
[Site "Chess.com INT"]
[Date "2020.10.03"]
[Round "7"]
[White "Rameshbabu Praggnanandhaa"]
[Black "Arturs Neiksans"]
[Result "1-0"]
[EventDate "?"]
[WhiteElo "2608"]
[BlackElo "2572"]
[Source "chessbites.com; date by Chess Assistant 21"]
[PlyCount "148"]

1. e4 c5 2. Nf3 e6 3. g3 d5 4. exd5 exd5 5. Bg2 Qe7+ 6. Qe2 Qxe2+ 7. Kxe2 Nc6 8. Re1 f6 9. Nc3 d4 10. Nb5 Kd8 11. d3 a6 12. Na3 Be6 13. h4 Bd6 14. Nc4 Bxc4 15. dxc4 Nge7 16. Bd2 Kc7 17. Kf1 Rhe8 18. Bh3 g6 19. Be6 Nd8 20. Bh3 Ndc6 21. Re2 Nf5 22. Rae1 Rxe2 23. Rxe2 Nce7 24. Ne1 b5 25. b3 bxc4 26. bxc4 Rb8 27. Ba5+ Kc6 28. Nd3 Rb1+ 29. Re1 Rxe1+ 30. Kxe1 Ng7 31. Ke2 f5 32. Bg2+ Kd7 33. Bd5 Nxd5 34. cxd5 c4 35. Nb2 c3 36. Nc4 Ne8 37. Kd3 Bc5 38. Bb6 Bxb6 39. Nxb6+ Kc7 40. Nc4 Nf6 41. Kxd4 Ne4 42. Ke3 Kd7 43. Kf4 Nd2 44. Ne3 Kd6 45. h5 Ne4 46. f3 Nf2 47. Kg5 Nh3+ 48. Kf6 f4 49. gxf4 gxh5 50. f5 Nf4 51. Kg5 Nxd5 52. Nxd5 Kxd5 53. Kxh5 Ke5 54. Kg5 a5 55. a4 Kd6 56. Kh6 Ke5 57. Kg5 Kd6 58. Kf6 h5 59. Kg5 Ke5 60. f4+ Kd6 61. Kxh5 Kd5 62. Kg6 Ke4 63. f6 Ke3 64. f7 Kd2 65. f8=Q Kxc2 66. Qf5+ Kb2 67. Qxa5 c2 68. Qb4+ Ka1 69. Qc4 Kb1 70. Qxc2+ Kxc2 71. a5 Kb3 72. a6 Kc4 73. a7 Kd5 74. a8=Q+ 1-0

[Event "Speed Chess Super Swiss"]
[Site "Chess.com INT"]
[Date "2020.10.03"]
[Round "9"]
[White "Mikhail Demidov"]
[Black "Rameshbabu Praggnanandhaa"]
[Result "0-1"]
[EventDate "?"]
[WhiteElo "2526"]
[BlackElo "2608"]
[Source "chessbites.com; date by Chess Assistant 21"]
[PlyCount "198"]

1. Nf3 Nf6 2. g3 g6 3. b3 c5 4. Bb2 d5 5. Bg2 Bg7 6. c4 d4 7. b4 Nfd7 8. bxc5 Nxc5 9. O-O O-O 10. d3 Nc6 11. Nbd2 Re8 12. Ba3 Qa5 13. Qc1 Na4 14. Nb3 Qd8 15. Qc2 Nc3 16. Bb2 Na4 17. Ba3 Nc3 18. Rfe1 e5 19. Bb2 Bf5 20. Bxc3 dxc3 21. e4 Bg4 22. Qxc3 Rc8 23. h3 Bxf3 24. Bxf3 Rc7 25. Red1 b6 26. Kg2 Bf8 27. h4 h5 28. Qb2 Bc5 29. Rab1 Nd4 30. Nxd4 Bxd4 31. Qc2 Re6 32. Rf1 Kg7 33. Be2 Rf6 34. Qc1 Qd6 35. Rb5 Bc5 36. Rb1 Qd4 37. Qb2 Rxf2+ 38. Kh1 Rxf1+ 39. Bxf1 Qd6 40. Kg2 Re7 41. Be2 Re6 42. Rf1 Kg8 43. Rf3 Qe7 44. Bd1 Rd6 45. Ba4 Qe6 46. Qe2 Qe7 47. Bb5 Bd4 48. Ba6 Rd7 49. Bb5 Rc7 50. Rf1 Bc5 51. Qf3 Kg7 52. Qe2 Qe6 53. Qf3 Re7 54. Ba6 Rc7 55. Bb5 Kg8 56. Ba6 Kf8 57. Bb5 Kg7 58. Ba6 f6 59. Bb5 Rf7 60. Ba6 Qd7 61. Bb5 Qc8 62. Qe2 a6 63. Ba4 Qe6 64. Bd1 Qd6 65. g4 hxg4 66. Qxg4 Qxd3 67. h5 Qd2+ 68. Kh1 Qh6 69. Kg2 Qxh5 70. Qxh5 gxh5 71. Bxh5 Rd7 72. Bg4 Rd2+ 73. Kf3 Rd3+ 74. Kg2 Re3 75. Bf5 Kf7 76. Rf3 Rxf3 77. Kxf3 Ke7 78. Ke2 Bd4 79. Kd3 a5 80. Kc2 Kd6 81. Kd3 Kc5 82. Kc2 Be3 83. Kb3 Bf4 84. a4 Bg3 85. Bg6 Be1 86. Bf5 Bb4 87. Bg6 Kd4 88. Bf5 Bc5 89. Bg6 Kd3 90. Bf5 b5 91. Bg6 bxc4+ 92. Kb2 c3+ 93. Kb1 Bf2 94. Ka2 Be3 95. Bh5 c2 96. Be2+ Kd2 97. Kb2 c1=Q+ 98. Kb3 Qc2+ 99. Ka3 Qc3+ 0-1

[Event "Speed Chess Super Swiss"]
[Site "Chess.com INT"]
[Date "2020.10.03"]
[Round "10"]
[White "Rameshbabu Praggnanandhaa"]
[Black "Parham Maghsoodloo"]
[Result "1-0"]
[EventDate "?"]
[WhiteElo "2608"]
[BlackElo "2676"]
[Source "chessbites.com; date by Chess Assistant 21"]
[PlyCount "72"]

1. e4 c5 2. Nf3 Nc6 3. Bb5 g6 4. Bxc6 dxc6 5. d3 Bg7 6. a4 a5 7. h3 Qc7 8. O-O h6 9. Na3 g5 10. Nc4 Nf6 11. Be3 b6 12. Nfd2 Be6 13. Qe2 Nd7 14. f4 O-O-O 15. c3 Kb7 16. Rab1 gxf4 17. Bxf4 Ne5 18. b4 cxb4 19. cxb4 b5 20. axb5 cxb5 21. Nxa5+ Ka8 22. Ra1 Kb8 23. Rfc1 Qd6 24. Qe3 Rc8 25. Nac4 Rxc4 26. Qa7+ Kc8 27. dxc4 Kd8 28. cxb5 Ke8 29. Qa8+ Qd8 30. Qxd8+ Kxd8 31. Ra8+ Kd7 32. Ra7+ Ke8 33. b6 f6 34. Ra8+ Kf7 35. Rxh8 Bxh8 36. Bxe5 1-0

[Event "Speed Chess Super Swiss"]
[Site "Chess.com INT"]
[Date "2020.10.03"]
[Round "14"]
[White "Renato Terry"]
[Black "Rameshbabu Praggnanandhaa"]
[Result "0-1"]
[EventDate "?"]
[WhiteElo "2504"]
[BlackElo "2608"]
[Source "chessbites.com; date by Chess Assistant 21"]
[PlyCount "118"]

1. d4 Nf6 2. Bg5 d5 3. Bxf6 gxf6 4. e3 c5 5. c3 e5 6. Nf3 Nc6 7. Nbd2 Be6 8. Be2 Bd6 9. g3 Qc7 10. a3 O-O-O 11. b4 c4 12. Nh4 Kb8 13. Qc2 Qd7 14. Ndf3 Bh3 15. Rg1 Ne7 16. O-O-O e4 17. Nd2 Ng6 18. Ng2 Rdg8 19. Kb2 h5 20. Nf4 Bxf4 21. exf4 Bg4 22. Bxg4 hxg4 23. Nf1 Ne7 24. Rg2 Rh3 25. Re1 Nf5 26. Ne3 Nxe3 27. fxe3 Rgh8 28. Ree2 Qf5 29. Ka2 Qd7 30. a4 Kc8 31. Kb2 Kd8 32. Ka2 Ke8 33. Kb2 Kf8 34. Ka2 Kg7 35. Ref2 f5 36. Kb2 R8h6 37. Ka3 Ra6 38. Rf1 Qe7 39. Ra1 Rah6 40. Kb2 Rb6 41. a5 Rbh6 42. Rd1 Qf8 43. Rdd2 Qd8 44. Ka2 R3h5 45. Kb2 Ra6 46. Kb1 Rh8 47. Kb2 Qd7 48. Rd1 Rah6 49. Rdd2 Ra6 50. Rd1 b6 51. axb6 axb6 52. Ra1 Rha8 53. Rxa6 Rxa6 54. Kb1 Qb5 55. Qc1 Qa4 56. Rb2 Ra8 57. Qd2 Qa1+ 58. Kc2 Qf1 59. Qc1 Qd3# 0-1

[Event "Speed Chess Super Swiss"]
[Site "Chess.com INT"]
[Date "2020.10.03"]
[Round "4"]
[White "Vachier-Lagrave, Maxime"]
[Black "Rameshbabu Praggnanandhaa"]
[Result "1-0"]
[EventDate "?"]
[WhiteElo "2784"]
[BlackElo "2608"]
[Source "chessbites.com; date by Chess Assistant 21"]
[PlyCount "118"]

1. Nf3 Nf6 2. b3 d5 3. Bb2 e6 4. e3 Be7 5. Be2 O-O 6. O-O b6 7. d3 Bb7 8. Nbd2 c5 9. c4 Nc6 10. a3 Bd6 11. cxd5 Nxd5 12. Ne4 Bc7 13. Rc1 e5 14. Ng3 Qd7 15. Nd2 f5 16. e4 Nf4 17. Nxf5 Nxd3 18. Nc4 Rad8 19. Bxd3 Qxd3 20. Qg4 g6 21. Rcd1 Qxb3 22. Ne7+ Nxe7 23. Qe6+ Rf7 24. Rxd8+ Bxd8 25. Qxe5 Kf8 26. Nd6 Bc7 27. Qh8+ Ng8 28. Nxf7 Qxf7 29. Be5 Bxe4 30. Bxc7 Qxc7 31. Re1 Bd5 32. h4 Qg7 33. Re8+ Kf7 34. Qxg7+ Kxg7 35. Rc8 Ne7 36. Rc7 Kf6 37. Rxa7 c4 38. Kf1 Be6 39. Ke2 h5 40. Rc7 b5 41. Rc5 Bd7 42. Kd2 Ke6 43. Rg5 Kd6 44. f3 Nd5 45. Rxg6+ Kc5 46. Rg5 Kd4 47. Rxh5 b4 48. axb4 Nxb4 49. Ra5 c3+ 50. Ke2 Kc4 51. Ra7 Bc6 52. Ra3 c2 53. Kd2 Bd7 54. Rc3+ Kd4 55. h5 Ke5 56. g4 Bf5 57. gxf5 Na2 58. Rxc2 Nb4 59. Rc5+ 1-0

[Event "Titled Tuesday intern op 22nd Sept"]
[Site "Chess.com INT"]
[Date "2020.09.22"]
[Round "2"]
[White "Mihnea Costachi"]
[Black "Rameshbabu Praggnanandhaa"]
[Result "0-1"]
[EventDate "?"]
[WhiteElo "2471"]
[BlackElo "2608"]
[Source "chessbites.com"]
[PlyCount "128"]

1. d4 Nf6 2. c4 e6 3. Nf3 d5 4. Nc3 c6 5. cxd5 exd5 6. Bg5 Be7 7. Qc2 g6 8. e3 Bf5 9. Bd3 Bxd3 10. Qxd3 O-O 11. O-O Nbd7 12. Rab1 a5 13. a3 Re8 14. Rfe1 Ne4 15. Bf4 Bf8 16. Ne5 Nd6 17. h3 Nb6 18. Bh2 Bg7 19. Rbd1 Ndc4 20. Nxc4 Nxc4 21. Qc2 Re6 22. e4 dxe4 23. Nxe4 Qe7 24. f3 Nb6 25. Qc5 Qxc5 26. dxc5 Nc4 27. b3 Nxa3 28. Nd6 Rxe1+ 29. Rxe1 Bd4+ 30. Kf1 Bxc5 31. Nxb7 Bb4 32. Rc1 Ra6 33. Bd6 Nb5 34. Bc5 Bxc5 35. Nxc5 Rb6 36. Nd7 Rb7 37. Ne5 Nd4 38. Kf2 Kg7 39. Rc5 Rb5 40. Rc4 c5 41. Nd3 Nxb3 42. Ke3 Kf6 43. Rf4+ Ke6 44. Re4+ Kd5 45. Nf4+ Kc6 46. Nd3 Nd4 47. Ne5+ Kd5 48. Nxf7 Rb3+ 49. Kd2 a4 50. Re5+ Kc6 51. Re8 a3 52. Ra8 Rb2+ 53. Kc3 Rc2+ 54. Kd3 a2 55. Nd8+ Kd7 56. Nb7 Kc6 57. Nd8+ Kb6 58. Ne6 Rc1 59. Rxa2 Nxe6 60. Re2 Nf4+ 61. Kd2 Nxe2 62. Kxe2 Rc2+ 63. Kd3 Rxg2 64. Kc4 Rg3 0-1

[Event "Titled Tuesday intern op 22nd Sept"]
[Site "Chess.com INT"]
[Date "2020.09.22"]
[Round "4"]
[White "Rameshbabu Praggnanandhaa"]
[Black "Roman Ovetchkin"]
[Result "1-0"]
[EventDate "?"]
[WhiteElo "2608"]
[BlackElo "2518"]
[Source "chessbites.com"]
[PlyCount "62"]

1. e4 c6 2. Nc3 d5 3. Nf3 dxe4 4. Nxe4 Nf6 5. Qe2 Bf5 6. Nxf6+ gxf6 7. d3 c5 8. g3 Nc6 9. Bg2 Qd7 10. O-O O-O-O 11. Be3 e5 12. Nd2 Nd4 13. Bxd4 cxd4 14. a4 Kb8 15. a5 a6 16. b4 Bg4 17. Qe4 Bf5 18. Qf3 Be7 19. Rfb1 Bg4 20. Qe4 Bf5 21. Qe1 Qb5 22. Nc4 h5 23. Na3 Qd7 24. b5 Ka7 25. bxa6 bxa6 26. Rb7+ Qxb7 27. Bxb7 Kxb7 28. Qb1+ Ka8 29. Qb6 Rd6 30. Qc7 Rd7 31. Qc6+ 1-0

[Event "Titled Tuesday intern op 22nd Sept"]
[Site "Chess.com INT"]
[Date "2020.09.22"]
[Round "7"]
[White "Ivan Ivanisevic"]
[Black "Rameshbabu Praggnanandhaa"]
[Result "0-1"]
[EventDate "?"]
[WhiteElo "2604"]
[BlackElo "2608"]
[Source "chessbites.com"]
[PlyCount "150"]

1. c4 e5 2. Nc3 Bb4 3. Nd5 Be7 4. d4 exd4 5. Qxd4 Nf6 6. Nxe7 Qxe7 7. Bg5 Nc6 8. Qc3 Ne5 9. Nf3 d6 10. e3 h6 11. Bh4 g5 12. Bg3 Ne4 13. Qd4 Nxg3 14. hxg3 Qf6 15. Nxe5 dxe5 16. Qc5 Qe7 17. Qxe7+ Kxe7 18. O-O-O Be6 19. Be2 Kf6 20. Kc2 Kg7 21. Kc3 c6 22. Rd6 Rhd8 23. Rhd1 Rxd6 24. Rxd6 Kf6 25. Rd1 Rh8 26. a4 h5 27. a5 h4 28. Rh1 Kg7 29. Kb4 b6 30. axb6 axb6 31. gxh4 gxh4 32. c5 Rb8 33. Rb1 Bf5 34. Rh1 bxc5+ 35. Kc3 Rb4 36. Bf3 Bd7 37. Rd1 Be6 38. Rd6 e4 39. Be2 Bd5 40. Rd7 Rb3+ 41. Kc2 Rb8 42. Ra7 Rh8 43. Ra1 h3 44. gxh3 Rxh3 45. Rg1+ Kf6 46. Rg2 Rh1 47. Rg4 Re1 48. Rf4+ Kg5 49. Ba6 Ra1 50. Bc8 Ra7 51. Rf5+ Kg6 52. Rf4 Re7 53. Bh3 Kg5 54. Kc3 Re5 55. Bf1 f5 56. Bc4 Re7 57. Bf1 Rh7 58. Ba6 Be6 59. Bc4 Bd5 60. Ba6 Rh8 61. Be2 Kf6 62. Ba6 Ke5 63. Be2 Rh2 64. Ba6 Rh8 65. Be2 Rh1 66. Ba6 Be6 67. Be2 Re1 68. Kd2 Rh1 69. Kc3 Kf6 70. Kd2 Kg5 71. Kc3 Rb1 72. Ba6 Ra1 73. Bb7 Bd7 74. Kc4 Rc1+ 75. Kb3 Be6+ 0-1

[Event "Titled Tuesday intern op 22nd Sept"]
[Site "Chess.com INT"]
[Date "2020.09.22"]
[Round "6"]
[White "Rameshbabu Praggnanandhaa"]
[Black "Vladimir Fedoseev"]
[Result "0-1"]
[EventDate "?"]
[WhiteElo "2608"]
[BlackElo "2678"]
[Source "chessbites.com"]
[PlyCount "88"]

1. e4 c6 2. Nf3 d5 3. Nc3 Bg4 4. h3 Bxf3 5. Qxf3 e6 6. Be2 Bc5 7. O-O Ne7 8. Rd1 Bd4 9. exd5 cxd5 10. Nb5 Nbc6 11. c3 Bf6 12. d4 a6 13. Na3 h5 14. Bd3 Nc8 15. Re1 Kf8 16. Nc2 Nd6 17. b3 Kg8 18. Bb2 b5 19. a4 Na5 20. axb5 axb5 21. Ba3 Nxb3 22. Rad1 Nc4 23. Bb4 Nb2 24. Bxb5 Nxd1 25. Qxd1 Be7 26. Bxe7 Qxe7 27. Bc6 Ra5 28. Nb4 Ra1 29. Qe2 Rxe1+ 30. Qxe1 Qc7 31. Ba4 Na5 32. Bc2 g6 33. Bxg6 fxg6 34. Qxe6+ Qf7 35. Qc8+ Kg7 36. Qc5 Nb7 37. Qc6 Rd8 38. Nd3 Rd6 39. Qb5 Qd7 40. Qb1 Qc7 41. Ne5 Nd8 42. Qe1 Nf7 43. Nf3 Rc6 44. Qe6 Rxe6 0-1

[Event "Titled Tuesday intern op 22nd Sept"]
[Site "Chess.com INT"]
[Date "2020.09.22"]
[Round "8"]
[White "Rameshbabu Praggnanandhaa"]
[Black "Vladimir Baklan"]
[Result "0-1"]
[EventDate "?"]
[WhiteElo "2608"]
[BlackElo "2587"]
[Source "chessbites.com; date by Chess Assistant 21"]
[PlyCount "42"]

1. e4 c5 2. Nf3 Nc6 3. Bb5 Nf6 4. e5 Nd5 5. Nc3 Nc7 6. Bxc6 dxc6 7. h3 h6 8. d3 Bf5 9. Qe2 e6 10. Ne4 Nd5 11. O-O g5 12. Nh2 Be7 13. c4 Nf4 14. Bxf4 gxf4 15. Ng4 Qd4 16. Nef6+ Kd8 17. Nh5 Kc7 18. Qf3 Bg5 19. h4 Bxh4 20. Nxf4 Bg5 21. Ne3 Qxf4 0-1